<?xml version="1.0" encoding="UTF-8"?>
<collection xmlns:xsi="http://www.w3.org/2001/XMLSchema-instance" xsi:schemaLocation="http://www.loc.gov/MARC21/slim http://www.loc.gov/standards/marcxml/schema/MARC21slim.xsd" xmlns="http://www.loc.gov/MARC21/slim">
 <record>
  <leader>00000nam a22000004a 4500</leader>
  <controlfield tag="001">UP-8027390931316668717</controlfield>
  <controlfield tag="003">Buklod</controlfield>
  <controlfield tag="005">20260311154314.0</controlfield>
  <controlfield tag="006">m    |o  d |      </controlfield>
  <controlfield tag="007">cr |||||||||||</controlfield>
  <controlfield tag="008">260311s2012    hiu     o  d        eng d</controlfield>
  <datafield tag="020" ind1=" " ind2=" ">
   <subfield code="a">9780824861216</subfield>
   <subfield code="a">(ebook)</subfield>
  </datafield>
  <datafield tag="037" ind1=" " ind2=" ">
   <subfield code="a">Fi-2061eb</subfield>
   <subfield code="b">Megatexts</subfield>
   <subfield code="c">₱6,420.00</subfield>
  </datafield>
  <datafield tag="040" ind1="0" ind2=" ">
   <subfield code="a">DMLF</subfield>
   <subfield code="e">rda</subfield>
  </datafield>
  <datafield tag="041" ind1="0" ind2=" ">
   <subfield code="a">eng</subfield>
  </datafield>
  <datafield tag="042" ind1=" " ind2=" ">
   <subfield code="a">DMLUC</subfield>
  </datafield>
  <datafield tag="084" ind1=" " ind2=" ">
   <subfield code="a">HQ 1236.5 P6</subfield>
   <subfield code="b">R625 2012eb</subfield>
  </datafield>
  <datafield tag="100" ind1="1" ind2=" ">
   <subfield code="a">Roces, Mina</subfield>
   <subfield code="q">(Maria Natividad Roces)</subfield>
   <subfield code="d">1959-</subfield>
   <subfield code="e">author.</subfield>
  </datafield>
  <datafield tag="245" ind1="0" ind2="0">
   <subfield code="a">Women's movements and the Filipina, 1986-2008</subfield>
   <subfield code="c">Mina Roces.</subfield>
  </datafield>
  <datafield tag="264" ind1=" " ind2="0">
   <subfield code="a">Honolulu</subfield>
   <subfield code="b">University of Hawaiʻi Press</subfield>
   <subfield code="c">©2012.</subfield>
  </datafield>
  <datafield tag="300" ind1=" " ind2=" ">
   <subfield code="a">[1 online resource] x, 277 pages</subfield>
   <subfield code="b">illustrations.</subfield>
  </datafield>
  <datafield tag="336" ind1=" " ind2=" ">
   <subfield code="a">text</subfield>
   <subfield code="2">rdacontent</subfield>
  </datafield>
  <datafield tag="337" ind1=" " ind2=" ">
   <subfield code="a">computer</subfield>
   <subfield code="2">rdamedia</subfield>
  </datafield>
  <datafield tag="338" ind1=" " ind2=" ">
   <subfield code="a">online resource</subfield>
   <subfield code="2">rdacarrier</subfield>
  </datafield>
  <datafield tag="504" ind1=" " ind2=" ">
   <subfield code="a">Includes bibliographical references and index.</subfield>
  </datafield>
  <datafield tag="505" ind1="0" ind2="0">
   <subfield code="a">The religious roots of women's oppression  -- Prostitution, women's movements, and the victim narrative -- The woman as worker -- Indigenous women -- Hindi kailangan magtiis (there is no need to endure) -- Women's studies on the air  -- Fashioning women through activism, ritual, and dress -- Women's movements in transnational spaces -- Women's movements in liminal spaces.</subfield>
  </datafield>
  <datafield tag="520" ind1="0" ind2=" ">
   <subfield code="a">This book is about a fundamental aspect of the feminist project in the Philippines: rethinking the Filipino woman. It focuses on how contemporary women's organizations have represented and refashioned the Filipina in their campaigns to improve women's status by locating her in history, society and politics; imagining her past, present and future; representing her in advocacy; and identifying strategies to transform her. The drive to alter the situation of women included a political aspect (lobbying and changing legislation) and a cultural one (modifying social attitudes and women’s own assessments of themselves). In this work Mina Roces examines the cultural side of the feminist agenda: how activists have critiqued Filipino womanhood and engaged in fashioning an alternative woman.&#13;
&#13;
How did activists theorize the Filipina and how did they use this analysis to lobby for pro-women’s legislation or alter social attitudes? What sort of Filipina role models did women’s organizations propose, and how were these new ideas disseminated to the general public? What cultural strategies did activists deploy in order to gain a mass following? Analyzing data from over seventy five interviews with feminist activists, radio and television shows, romance novels, periodicals and books published by women’s organizations and feminist nuns, comics, newsletters, and personal papers, Roces shows how representations of the Filipino woman have been central to debates about women’s empowerment. She explores the transnational character of women’s activism and offers a seminal study on the important contributions of feminist Catholic nuns.&#13;
&#13;
Women’s Movements and the Filipina provides an original and passionate account of the contemporary feminist movement in the Philippines, bringing to light how women’s organizations have initiated change in cultural attitudes and had a significant impact on contemporary Philippine society.</subfield>
  </datafield>
  <datafield tag="650" ind1="0" ind2="0">
   <subfield code="a">Feminism</subfield>
   <subfield code="z">Philippines</subfield>
   <subfield code="x">History.</subfield>
  </datafield>
  <datafield tag="650" ind1="0" ind2="0">
   <subfield code="a">Women</subfield>
   <subfield code="z">Philippines</subfield>
   <subfield code="x">Social conditions.</subfield>
  </datafield>
  <datafield tag="650" ind1="0" ind2="0">
   <subfield code="a">Women</subfield>
   <subfield code="x">Legal status, laws, etc.</subfield>
   <subfield code="z">Philippines.</subfield>
  </datafield>
  <datafield tag="650" ind1="0" ind2="0">
   <subfield code="a">Women political activists</subfield>
   <subfield code="z">Philippines.</subfield>
  </datafield>
  <datafield tag="856" ind1="0" ind2="0">
   <subfield code="y">Remote access thru OpenAthens account</subfield>
   <subfield code="u">https://doi.org/10.1515/9780824861216</subfield>
  </datafield>
  <datafield tag="905" ind1=" " ind2=" ">
   <subfield code="a">FI</subfield>
  </datafield>
  <datafield tag="852" ind1="0" ind2=" ">
   <subfield code="a">UPD</subfield>
   <subfield code="b">DMLF</subfield>
   <subfield code="h">HQ 1236.5 P6</subfield>
   <subfield code="i">R625 2012eb</subfield>
  </datafield>
  <datafield tag="942" ind1=" " ind2=" ">
   <subfield code="a">Electronic Resource</subfield>
  </datafield>
 </record>
</collection>
